MARC details
| 000 -CABECERA |
| campo de control de longitud fija |
02000cas a2200313 a 4500 |
| 005 - FECHA Y HORA DE LA ÚLTIMA TRANSACCIÓN |
| campo de control |
20240925065052.0 |
| 006 - ELEMENTOS DE LONGITUD FIJA – CARACTERÍSTICAS DE MATERIALES ADICIONALES – INFORMACIÓN GENERAL |
| campo de control de longitud fija |
s|||||o|||| 00| 0 |
| 008 - ELEMENTOS DE LONGITUD FIJA--INFORMACIÓN GENERAL |
| campo de control de longitud fija |
991125c1999 ck fr p| 000 0 eng d |
| 022 ## - NÚMERO INTERNACIONAL NORMALIZADO PARA PUBLICACIONES SERIADAS |
| Número Internacional Normalizado para Publicaciones Seriadas |
2344-8644 |
| 035 ## - NÚMERO DE CONTROL DEL SISTEMA |
| Número de control de sistema |
UPN01000198772 |
| 040 ## - FUENTE DE LA CATALOGACIÓN |
| Centro catalogador/agencia de origen |
MX-MxUPN |
| Lengua de catalogación |
spa |
| 049 ## - COLECCIÓN |
| Colección |
REV-E |
| 245 00 - MENCIÓN DE TÍTULO |
| Título |
Revista colombiana de psicología |
| Medio |
[recurso electrónico en línea] |
| 247 ## - TÍTULO ANTERIOR |
| Título |
Revista de Psicología |
| 260 ## - PUBLICACIÓN, DISTRIBUCIÓN, ETC. |
| Lugar de publicación, distribución, etc. |
Bogotá : |
| Nombre del editor, distribuidor, etc. |
Universidad Nacional de Colombia. Facultad de Ciencias Humanas. Departamento de Psicología, |
| Fecha de publicación, distribución, etc. |
1999 - |
| 310 ## - FRECUENCIA ACTUAL DE LA PUBLICACION |
| Periodicidad actual |
Semestral |
| 506 0# - NOTA DE RESTRICCIONES AL ACCESO |
| Limitaciones de acceso |
Acceso abierto. |
| 510 0# - NOTA DE CITAS O REFERENCIAS BIBLIOGRÁFICAS |
| Nombre de la fuente |
SciElo |
| 510 0# - NOTA DE CITAS O REFERENCIAS BIBLIOGRÁFICAS |
| Nombre de la fuente |
Psicodoc. |
| 510 0# - NOTA DE CITAS O REFERENCIAS BIBLIOGRÁFICAS |
| Nombre de la fuente |
e - Revistas. |
| 520 ## - NOTA DE RESUMEN, ETC. |
| Sumario, etc. |
"La RCP está dirigida a instituciones educativas y culturales interesadas en los desarrollos de la disciplina psicológica, así como a psicólogos, estudiantes de psicología y disciplinas afines. Su objetivo principal es la divulgación de trabajos originales y arbitrados que se enmarquen en cualquiera de las áreas de investigación, básica o aplicada, propias de la psicología, y que contribuyan al avance y al crecimiento inter-disciplinario de esta, así como a su impacto social. La RCP está particularmente interesada en mejorar el conocimiento público y construir una comunidad académica más robusta en el campo de la psicología en los contextos Latino Americanos. En esta se publican reportes de investigaciones empíricas, contribuciones teóricas en la forma de ensayos, trabajos de metaanálisis, revisiones críticas de literatura, estudios empíricos y, en general, trabajos que sigan algunos de los formatos aceptados dentro de las perspectivas teóricas y metodológicas de la psicología científica". |
| Fuente proveedora |
RCP. |
| 546 ## - NOTA DE IDIOMA |
| Nota de lengua/lenguaje |
Español, Inglés y Portugués |
| 650 #4 - ASIENTO SECUNDARIO DE MATERIA - TERMINO TEMATICO |
| Término de materia o nombre geográfico como elemento de entrada |
Psicología |
| 9 (RLIN) |
38 |
| 650 #4 - ASIENTO SECUNDARIO DE MATERIA - TERMINO TEMATICO |
| Término de materia o nombre geográfico como elemento de entrada |
Psicología educativa |
| 9 (RLIN) |
5197 |
| 650 #2 - ASIENTO SECUNDARIO DE MATERIA - TERMINO TEMATICO |
| Término de materia o nombre geográfico como elemento de entrada |
Neurociencias |
| 9 (RLIN) |
15751 |
| 856 4# - LOCALIZACIÓN Y ACCESO ELECTRÓNICOS |
| Identificador Uniforme del Recurso |
<a href="http://www.revistas.unal.edu.co/index.php/psicologia/index">http://www.revistas.unal.edu.co/index.php/psicologia/index</a> |
| 905 ## - TIPO DE MATERIAL |
| Tipo de material |
Revista |
| 942 ## - ELEMENTOS DE PUNTO DE ACCESO ADICIONAL (KOHA) |
| Tipo de ítem Koha |
Revista Electrónica |